Jeu de mémoire : retrouvez les formes - Statistiques

Statistiques générales
  • Ce quiz a été pris 10 697 fois
  • Le résultat moyen est 4 sur 9
Statistiques - réponses
Hint Réponse % Correct
Où se trouve le triangle bleu ?
58%
Où se trouve le carré bleu ?
56%
Où se trouve le rond jaune ?
54%
Où se trouve le rond bleu ?
53%
Où se trouve le carré rouge ?
48%
Où se trouve le triangle rouge ?
46%
Où se trouve le rond rouge ?
46%
Où se trouve le carré jaune ?
43%
Où se trouve le triangle jaune ?
39%
Aucun quiz correspondant
Distribution des résultats
% des personnes avec chaque résultat
Percentile par nombre de réponses
Votre historique - résultats
Vous n’avez pas pris ce quiz